The beggar maid : (Record no. 4143)

MARC details
000 -LEADER
fixed length control field 00593cam a2200193 4500
001 - CONTROL NUMBER
control field 4970
005 - DATE AND TIME OF LATEST TRANSACTION
control field 20181127174522.0
008 - FIXED-LENGTH DATA ELEMENTS--GENERAL INFORMATION
fixed length control field 790412r19791978nyu 000 1 eng
010 ## - LIBRARY OF CONGRESS CONTROL NUMBER
LC control number 79063809
020 ## - INTERNATIONAL STANDARD BOOK NUMBER
International Standard Book Number 9780099458357
Terms of availability
100 1# - MAIN ENTRY--PERSONAL NAME
Personal name Munro, Alice,
Dates associated with a name 1931-
240 10 - UNIFORM TITLE
Uniform title Who do you think you are?
245 14 - TITLE STATEMENT
Title The beggar maid :
Remainder of title stories of Flo and Rose /
Statement of responsibility, etc. by Alice Munro.
250 ## - EDITION STATEMENT
Edition statement 1st American ed.
260 ## - PUBLICATION, DISTRIBUTION, ETC.
Place of publication, distribution, etc. London :
Name of publisher, distributor, etc. Vintage Books,
Date of publication, distribution, etc. 2004.
300 ## - PHYSICAL DESCRIPTION
Extent 210 p. ;
Dimensions 22 cm.
500 ## - GENERAL NOTE
General note First published in 1978 under title: Who do you think you are?
650 #0 - SUBJECT ADDED ENTRY--TOPICAL TERM
Topical term or geographic name entry element Women
Form subdivision Fiction.
Holdings
Withdrawn status Lost status Source of classification or shelving scheme Damaged status Not for loan Collection code Home library Current library Shelving location Date acquired Serial Enumeration / chronology Inventory number Total Checkouts Total Renewals Full call number Barcode Date last seen Date last checked out Price effective from Koha item type
    Dewey Decimal Classification     Fiction RTC Library RTC Library Fiction 29/04/2021 8147 2 1 FIC 813.54 MUN 30007972 03/01/2022 29/04/2021 27/11/2018 Fiction
Royal Thimphu College || All Right Reserved